Eastern Utah Libraries Catalog: Duchesne, Heber, Roosevelt, & Vernal

Once fallen / (Record no. 225809)

MARC details
000 -LEADER
fixed length control field 02942cgm a2200637Ka 4500
001 - CONTROL NUMBER
control field ocn664736500
003 - CONTROL NUMBER IDENTIFIER
control field OCoLC
005 - DATE AND TIME OF LATEST TRANSACTION
control field 20170920082708.0
007 - PHYSICAL DESCRIPTION FIXED FIELD--GENERAL INFORMATION
fixed length control field vd cvaizq
008 - FIXED-LENGTH DATA ELEMENTS--GENERAL INFORMATION
fixed length control field 100921s2010 xxu092 e vleng d
040 ## - CATALOGING SOURCE
Original cataloging agency TEFMT
Language of cataloging eng
Transcribing agency TEFMT
Modifying agency TEF
-- BKX
-- RKA
-- OCLCA
-- OCLCQ
-- BDX
-- OCLCF
-- OCLCO
-- TOH
-- OCL
-- OCLCO
-- OCLCQ
-- OCLCO
-- MVQ
-- UINTA
019 ## -
-- 800078889
020 ## - INTERNATIONAL STANDARD BOOK NUMBER
International Standard Book Number 9781616660390
020 ## - INTERNATIONAL STANDARD BOOK NUMBER
International Standard Book Number 1616660392
024 1# - OTHER STANDARD IDENTIFIER
Standard number or code 687797132390
028 42 - PUBLISHER NUMBER
Publisher number FLP-13239
Source First Look Studios
035 ## - SYSTEM CONTROL NUMBER
System control number (OCoLC)664736500
Canceled/invalid control number (OCoLC)800078889
037 ## - SOURCE OF ACQUISITION
Source of stock number/acquisition Midwest Tape
Note http://www.midwesttapes.com
041 0# - LANGUAGE CODE
Language code of text/sound track or separate title eng
-- eng
050 #4 - LIBRARY OF CONGRESS CALL NUMBER
Classification number PN1997.2
Item number .O53 2010
082 04 - DEWEY DECIMAL CLASSIFICATION NUMBER
Classification number 791.43/72
Edition number 22
049 ## - LOCAL HOLDINGS (OCLC)
Holding library UCLB
245 00 - TITLE STATEMENT
Title Once fallen /
Statement of responsibility, etc Freedom Films ; producers, Brian Presley, George Furla ; produced by Shannon B. Gardner, Derek Beumer ; produced, written and directed by Ash Adams.
260 ## - PUBLICATION, DISTRIBUTION, ETC. (IMPRINT)
Place of publication, distribution, etc [United States] :
Name of publisher, distributor, etc First Look Studios,
Date of publication, distribution, etc �2010.
300 ## - PHYSICAL DESCRIPTION
Extent 1 videodisc (92 min.) :
Other physical details sound, color ;
Dimensions 4 3/4 in.
336 ## - Content Type
Content type term two-dimensional moving image
337 ## - Media type
Media type term video
338 ## - Carrier type
Carrier type term videodisc
538 ## - SYSTEM DETAILS NOTE
System details note DVD, widescreen; 5.1 Digital sound.
546 ## - LANGUAGE NOTE
Language note Subtitles for the deaf and hard of hearing.
500 ## - GENERAL NOTE
General note Cataloged from web page.
511 1# - PARTICIPANT OR PERFORMER NOTE
Participant or performer note Amy Madigan, Brian Presley, Ed Harris, Peter Weller, Taraji P. Henson, Ash Adams, Chad Lindberg, Sharon Gless, Alison Eastwood, Peter Greene.
521 8# - TARGET AUDIENCE NOTE
Target audience note MPAA rating: R.
520 ## - SUMMARY, ETC.
Summary, etc When Chance returns home after five years in jail, he is determined to escape his past, start a new life, and make peace with his father, who is the head of the Aryan Brotherhood prison gang and serving a life sentence for murder. Upon his release, his dreams of a crime-free future begin to disintegrate when he is forced to assume his best friend's outrageous debt to a local mobster.
508 ## - CREATION/PRODUCTION CREDITS NOTE
Creation/production credits note Directed by Ash Adams.
650 #0 - SUBJECT ADDED ENTRY--TOPICAL TERM
Topical term or geographic name as entry element Fathers and sons
Form subdivision Drama.
650 #0 - SUBJECT ADDED ENTRY--TOPICAL TERM
Topical term or geographic name as entry element Ex-convicts
Form subdivision Drama.
650 #0 - SUBJECT ADDED ENTRY--TOPICAL TERM
Topical term or geographic name as entry element Criminals
Form subdivision Drama.
650 #7 - SUBJECT ADDED ENTRY--TOPICAL TERM
Topical term or geographic name as entry element Criminals.
Source of heading or term fast
-- (OCoLC)fst00883516
650 #7 - SUBJECT ADDED ENTRY--TOPICAL TERM
Topical term or geographic name as entry element Ex-convicts.
Source of heading or term fast
-- (OCoLC)fst00917418
650 #7 - SUBJECT ADDED ENTRY--TOPICAL TERM
Topical term or geographic name as entry element Fathers and sons.
Source of heading or term fast
-- (OCoLC)fst00921899
655 #7 - INDEX TERM--GENRE/FORM
Genre/form data or focus term Drama.
Source of term fast
-- (OCoLC)fst01423879
655 #7 - INDEX TERM--GENRE/FORM
Genre/form data or focus term Feature films.
Source of term fast
-- (OCoLC)fst01710384
655 #7 - INDEX TERM--GENRE/FORM
Genre/form data or focus term Video recordings for the hearing impaired.
Source of term fast
-- (OCoLC)fst01710450
655 #7 - INDEX TERM--GENRE/FORM
Genre/form data or focus term Feature films.
Source of term gsafd
655 #7 - INDEX TERM--GENRE/FORM
Genre/form data or focus term Feature films.
Source of term lcgft
655 #7 - INDEX TERM--GENRE/FORM
Genre/form data or focus term Video recordings for the hearing impaired.
Source of term lcgft
655 #4 - INDEX TERM--GENRE/FORM
Genre/form data or focus term Video recordings for the hearing impaired.
700 1# - ADDED ENTRY--PERSONAL NAME
Personal name Madigan, Amy.
700 1# - ADDED ENTRY--PERSONAL NAME
Personal name Presley, Brian,
Dates associated with a name 1977-
700 1# - ADDED ENTRY--PERSONAL NAME
Personal name Harris, Ed,
Dates associated with a name 1950-
710 2# - ADDED ENTRY--CORPORATE NAME
Corporate name or jurisdiction name as entry element First Look Studios.
710 2# - ADDED ENTRY--CORPORATE NAME
Corporate name or jurisdiction name as entry element Freedom Films.
856 4# - ELECTRONIC LOCATION AND ACCESS
Materials specified View cover art
Uniform Resource Identifier <a href="http://midwesttapes.com/images/movies/000/000/000/010/451/000000000010451385.gif">http://midwesttapes.com/images/movies/000/000/000/010/451/000000000010451385.gif</a>
938 ## -
-- Brodart
-- BROD
-- 11960191
-- $24.98
994 ## -
-- C0
-- UINTA
Holdings
Withdrawn status Lost status Source of classification or shelving scheme Damaged status Not for loan Collection code Home library Current library Shelving location Date acquired Source of acquisition Total Checkouts Total Renewals Full call number Barcode Date last seen Date checked out Cost, replacement price Price effective from Koha item type
    Dewey Decimal Classification     Movies Wasatch County Library Wasatch County Library Audio Visual Area 10/22/2025 Amazon 6 6 Movie Once Fallen 34301002170621 01/20/2026 01/13/2026 9.99 10/22/2025 DVD
This project was made possible through a grant from the Institute of Museum and Library Service administered by the Utah State Library Division.

Wasatch County Library

  • 465 East 1200 South, Heber City, Utah 84032
  • Phone 435-654-1511 | Fax 435-654-6456

Hours

  • Monday - Friday 9:30 AM - 8:00 PM
  • Saturday 9:30 AM - 1:30 PM
  • Closed Sundays and Holidays